El barbero de Sevilla /

Guardado en:
Autor Principal: Beaumarchais.
Formato: Libro
Idioma:Spanish
Publicado: Buenos Aires : Hyspamerica, 1984.
Edición:1a ed.
Series:Historia Universal de la Literatura ; 87
Materias:
Etiquetas: Agregar Etiqueta
Sin Etiquetas, Sea el primero en etiquetar este registro!
LEADER 00544nam a22001815a 4500
001 CEM.cems024519
008 250226s1984####ag############000#0#spa#d
005 20250226174119.0
245 1 0 |a El barbero de Sevilla /  |c Beaumarchais. 
250 |a 1a ed. 
260 |a Buenos Aires :  |b Hyspamerica,  |c 1984. 
300 |a 158 p. 
490 1 |a Historia Universal de la Literatura ;  |v 87 
020 |a 9506142777 
100 1 |a Beaumarchais. 
653 |a Teatro francés 
653 |a Literatura francesa 
859 |a CEMS  |b BIB. CEMS - 11 de abril  |h 842  |i B383  |p 29770.25  |t Ej.1